000
00332 a2200109 4500
001
ART_10874
005
20260410161849.0
008
260409a
245
1
0
_a
Presión tributaria sectorial e incidencia
100
1
_a
Piffano, Horacio L. P.
773
0
_t
Económica
_g
- Año XXVI, Nº 1/2 (ene./ago. 1980)
_w
REV7541
999
_c
24798
_d
24798